| 000 | 00678nam a2200229 a 4500 | ||
|---|---|---|---|
| 001 | BRL_1499 | ||
| 005 | 20190320211233.0 | ||
| 008 | 300114s1951----mx-ao#####---#000-0#spa-# | ||
| 041 | _aspa | ||
| 044 | _amx | ||
| 050 | 4 |
_aGV167 _b.J55 1951 |
|
| 100 | 1 |
_aJiménez, Guillermo _911981 |
|
| 245 | 1 | 0 |
_aDanzas de México _ctextos de Guillermo Jiménez. |
| 260 |
_aMéxico _bEdiciones de arte _c1951 |
||
| 300 |
_a64 p. _bil. _c16 cm. |
||
| 440 | 0 |
_aColección Anahuac de arte mexicano _v22 _927110 |
|
| 500 | _aAu1770 | ||
| 500 | _aTexto en: español, inglés, francés e italiano | ||
| 650 | 1 | 4 |
_aDanzas populares y nacionales _zMéxico _925772 |
| 902 | _aGRL | ||
| 942 |
_2lcc _cB |
||
| 999 |
_c10309 _d10309 |
||